Meriden : odyssey of a lame duck : a study of government intervention in the motor-cycle industry - the way the money goes

Gardado en:
Detalles Bibliográficos
Autor Principal: Bruce-Gardyne, Jock
Formato: Libro
Idioma:Undetermined
Publicado: London Centre for Policy Studies 1978
Những chủ đề:
Các nhãn: Engadir etiqueta
Sen Etiquetas, Sexa o primeiro en etiquetar este rexistro!
Thư viện lưu trữ: Trung tâm Học liệu Trường Đại học Cần Thơ
LEADER 00632nam a2200205Ia 4500
001 CTU_86738
008 210402s9999 xx 000 0 und d
082 |a 338.7 
082 |b B887 
100 |a Bruce-Gardyne, Jock 
245 0 |a Meriden : 
245 0 |b odyssey of a lame duck : a study of government intervention in the motor-cycle industry - the way the money goes 
245 0 |c Jock Bruce-Gardyne 
260 |a London 
260 |b Centre for Policy Studies 
260 |c 1978 
650 |a Norton villiers,Triumph (firm) 
650 |x History 
904 |i Năm 
980 |a Trung tâm Học liệu Trường Đại học Cần Thơ